000 01492nam a2200349 c 4500
003 BLK
005 20180927093034.0
008 180408b bul|||||r ||||||| ||bul||
010 _aKNG00082546000
020 _a954-91545-6-4
_bиздат.: Фил
040 _aBLK
041 _aBUL
_cBUL
_hENG
080 _aТуризмът от стопанско гледище. Политика по отношение на туризма. Икономика и организация на туризма. Вътрешен и международен туризъм. Вж и 379.8
_b338.48
_x(497.211)(091)
_z338.48(497.211)(091)
100 1 _aКалинков, Борис Савов
_eпърви автор
_9298572
139 _aКалинков, Борис Савов
_bК 16
245 1 0 _aТуризмът във Варна и региона
_cБорис Савов Калинков.
257 _aBGR
260 Варна
_bФил
_c2006
_fВ. Търново : Абагар
300 _a128 с.
_bсъс сн.
_c30 см
380 _a3
650 4 _aТуризъм - България - организация и управление
_9280361
651 4 _aВарненско
_9178691
651 4 _aВарна
_9178690
651 4 _aБългария
_9241624
653 _aтуризъм
653 _aкурорти
852 _aЦб ІІ 15158
856 4 _qpdf
_u
856 4 _qpdf
_u
942 _cKNG
_n0
_01
944 _aCR
_c20.03.2008
_lф /
_kЦветанка_Енчева
944 _aED
_c21.03.2016
_lф /
_kЛюдмила_Стоянова
999 _c78081
_d78081